Geography Quiz

Random Geography or City Quiz

City Profile: London Quiz Stats

 Plays Quiz Updated Jul 5, 2017

Challenge
Share
Tweet
Embed
Score 0/45 Timer 06:00
3 Plays Today
Category London Thing % Correct
Sovereign Country It Is the Capital ofUnited Kingdom
95.2%
Constituent Country It Is the Capital ofEngland
93.3%
Major RiverThames
90.4%
Largest AirportHeathrow Airport
87.7%
Oldest Tennis Tournament in the WorldWimbledon
85.8%
Any Year It Hosted the Summer Olympics1908, 1948, 2012
85.6%
Official Residence of the MonarchBuckingham Palace
84%
Ferris Wheel on Major RiverLondon Eye
80.8%
Nickname for the System in Question AboveThe Tube
79.9%
Home of Prime Minister10 Downing Street
79%
Population (millions)8.7 million
76.8%
Arthur Conan Doyle's Fictional London DetectiveSherlock Holmes
75.9%
Name for the Great Bell in the Elizabeth TowerBig Ben
75.7%
Premier League Football ClubArsenal
75%
Premier League Football ClubChelsea
74.6%
Time ZoneGMT
73.8%
Famed Shakespearean TheatreGlobe Theatre
71.3%
Site of Royal CoronationsWestminster Abbey
68.4%
Name of the Public Rapid Transit SystemLondon Underground
66.8%
London-Based Department Store since 1883Harrods
66.8%
Common Name for WWII Nazi Bombing The Blitz
65.2%
Public Square Featuring Nelson's ColumnTrafalgar Square
65.1%
Largest ChurchSt. Paul's Cathedral
61.4%
Category London Thing % Correct
Premier League Football ClubTottenham Hotspur
59.9%
Royal Park That's Home to Speaker's CornerHyde Park
58.9%
MayorSadiq Khan
56.9%
Recording Studio of The Beatles and Pink FloydAbbey Road Studios
56.7%
Tallest BuildingThe Shard
53.7%
Premier League Football ClubWest Ham United
51.4%
DemonymLondoner
50.9%
Most Visited MuseumBritish Museum
50.7%
Common Name for Theatre DistrictWest End
50.5%
Roman NameLondinium
49%
Year of the Great Fire of London1666
47.8%
Number of Boroughs32
44.4%
Ceremonial Guardians of the Tower of LondonBeefeaters
42.7%
Premier League Football ClubFulham
42.6%
Premier League Football ClubCrystal Palace
41.3%
Busiest Railway Station (Patronage)Waterloo
37.8%
Largest University (Enrollment)Univ. College London
36.8%
Famous Road Junction in the Theatre DistrictPiccadilly Circus
34.3%
Most Expensive Property in London MonopolyMayfair
33.4%
London's Famous DiaristSamuel Pepys
32%
Formal Name of the Seat of ParliamentPalace of Westminster
31.5%
21-Meter Tall Ancient Egyptian ObeliskCleopatra's Needle
25.1%

You're not logged in!

Compare scores with friends on all Sporcle quizzes.
OR
Log In

You Might Also Like...

Show Comments

Extras

Top Quizzes Today


Score Distribution

Your Account Isn't Verified!

In order to create a playlist on Sporcle, you need to verify the email address you used during registration. Go to your Sporcle Settings to finish the process.

Report this User

Report this user for behavior that violates our Community Guidelines.

Details: